| 000 | 01034nam a2200301 i 4500 | ||
|---|---|---|---|
| 003 | DO-SdBNP | ||
| 005 | 20260217073211.0 | ||
| 007 | ta | ||
| 008 | 260217b2025 dr a|||| |||| 00| 0 spa d | ||
| 020 | _a9789945510904 | ||
| 040 |
_aDO-SdBNP _bspa _cBNPHU _erda |
||
| 041 | _aspa | ||
| 082 | 4 |
_aRD863.44 _bV443d 2025 _222 |
|
| 100 | 1 |
_aVeloz Maggiolo, Marcio, _d1936-2021 _eautor _4aut. _91104 |
|
| 245 | 1 | 0 |
_aDe dónde vino la gente / _cMarcio Veloz Maggiolo ; edicción, Clara Dobarro |
| 246 | 1 | 0 |
_aDe dónde vino la gente _bnovela para niños |
| 264 | 4 |
_aSanto Domingo : _bMinisterio de Cultura; _bEditora Nacional, _c©2025. |
|
| 300 |
_a98 páginas : _bilustraciones ; _c16 cm. |
||
| 336 |
_atexto _btxt _2rdacontent |
||
| 337 |
_asin mediación _bn _2rdamedia |
||
| 338 |
_avolumen _bnc _2rdacarrier |
||
| 590 | _aInventariado, 2026/BT | ||
| 650 | 4 |
_aNovela infantil dominicana _933379 |
|
| 650 | 4 |
_aLiteratura infantil dominicana _9441 |
|
| 700 |
_aDobarro, Clara, _eeditor _4ed. _934619 |
||
| 910 | _aBtavárez | ||
| 942 |
_2ddc _cLBS1 |
||
| 999 |
_c60334 _d60334 |
||